Anzug - was gehört dazu? - Statistiken

Allgemein
  • Dieses Quiz wurde 158 mal gespielt
  • Das Durchschnittsergebnis liegt bei 7 aus 10
Antwortstatistiken
Tipp Antworten % Korrekt
Hauptteil Krawatte
96%
Hauptteil Anzughose
94%
Hauptteil Hemd
94%
Hauptteil Jacket
90%
Hauptteil Schuhe
79%
Accessoir Einstecktuch
63%
Optionales Oberteil Weste
62%
Accessoir Manschettenknöpfe
48%
Accessoir Krawattennadel
28%
Accessoir Anstecknadel
9%
Keine übereinstimmenden Quizze gefunden
Verteilung der Resultate
Anzahl Personen mit jedem Resultat
Perzentil nach korrekt beantworteten Fragen
Ihre Resultats-Entwicklung
Sie haben dieses Quiz noch nicht gespielt